Central Library OPAC University of Rajshahi

Proceedings of the United Nations Scientific Conference on the Conservation and Utilization of Resources, 17 August-6 September 1949, Lake Success, New York / (Record no. 14605)

MARC details
000 -LEADER
fixed length control field 01447cam a2200301 a 4500
001 - CONTROL NUMBER
control field 14605
003 - CONTROL NUMBER IDENTIFIER
rucl marc code BD-RjUL
005 - DATE AND TIME OF LATEST TRANSACTION
control field 20211208235646.0
008 - FIXED-LENGTH DATA ELEMENTS--GENERAL INFORMATION
fixed length control field 140206s1953 nyua b i000 0 eng d
035 ## - SYSTEM CONTROL NUMBER
System control number (OCoLC)ocm25124274
System control number (BD-RjUL)14658
040 ## - CATALOGING SOURCE
Original cataloging agency SMI
Transcribing agency SMI
Modifying agency OCL
-- ZCU
-- BD-RjUL
Language of cataloging eng
041 ## - LANGUAGE CODE
Language code of text/sound track or separate title eng
082 ## - DEWEY DECIMAL CLASSIFICATION NUMBER
Classification number 320.05
Author mark and year UNP 1953
099 ## - LOCAL FREE-TEXT CALL NUMBER (OCLC)
Bangla Class number 338
-- Un4
-- 1949
111 2# - MAIN ENTRY--MEETING NAME
Meeting name or jurisdiction name as entry element United Nations Scientific Conference on the Conservation and Utilization of Resources
Date of meeting (1949 :
Location of meeting Lake Success, N.Y.)
9 (RLIN) 45536
245 10 - TITLE STATEMENT
Title Proceedings of the United Nations Scientific Conference on the Conservation and Utilization of Resources, 17 August-6 September 1949, Lake Success, New York /
Number of part/section of a work Volume VIII
Name of part/section of a work Index
260 ## - PUBLICATION, DISTRIBUTION, ETC. (IMPRINT)
Place of publication, distribution, etc. Lake Success, N.Y. :
Name of publisher, distributor, etc. United Nations, Dept. of Economic Affairs,
Date of publication, distribution, etc. 1953
300 ## - PHYSICAL DESCRIPTION
Pagination 134p. :
Illustrations ill. ;
Size 28 cm.
500 ## - GENERAL NOTE
General note "E/Conf. 7/7"--Verso t.p., v. 5.
504 ## - BIBLIOGRAPHY, ETC. NOTE
Bibliography, etc Includes bibliographical references.
505 0# - FORMATTED CONTENTS NOTE
Formatted contents note v. 1. Plenary meetings -- v. 2. Mineral resources -- v. 3. Fuel and energy resources -- v. 4. Water resources -- v. 5. Forest resources -- v. 6. Land resources -- v. 7. Wildlife and fish resources -- v. 8. Index.
650 #0 - SUBJECT ADDED ENTRY--TOPICAL TERM
Topical term or geographic name as entry element Natural resources
Form subdivision Congresses.
9 (RLIN) 45530
Topical term or geographic name as entry element Forests and forestry
Form subdivision Congresses.
9 (RLIN) 45531
Topical term or geographic name as entry element Forest conservation
Form subdivision Congresses.
9 (RLIN) 45532
942 ## - ADDED ENTRY ELEMENTS (KOHA)
Source of classification or shelving scheme Dewey Decimal Classification
Koha item type Books
Holdings
Lost status Source of classification or shelving scheme Materials specified (bound volume or other part) Damaged status Not for loan Collection code Permanent Location Current Location Shelving location Date acquired Source of acquisition Total Checkouts Full call number Date last seen Copy number Koha item type
  Dewey Decimal Classification V-8   Not For Loan Non-fiction Central Library, University of Rajshahi Central Library, University of Rajshahi Reading Room 12/01/1994 Gift   333.72 UNP 1953 06/02/2014 C-1 Books